Ženy v řídících pozicích na trhu práce
Ženy tvoria 43,4 percenta všetkých osôb zamestnaných na českom trhu práce. Mzdové nerovnosti mužov a žien na pozícii vedúcich a riadiacich pracovníkov. Rozdiely v názoroch mužov a žien.
Enregistré dans:
| Auteur principal: | |
|---|---|
| Format: | Chapitre de livre |
| Langue: | tchèque |
| Sujets: | |
| Tags: |
Pas de tags, Soyez le premier à ajouter un tag!
|
MARC
| LEADER | 00000naa a2200000 4500 | ||
|---|---|---|---|
| 001 | r046701 | ||
| 005 | 20230913072222.2 | ||
| 041 | 0 | |a cze | |
| 044 | |a CZ | ||
| 245 | 1 | 0 | |a Ženy v řídících pozicích na trhu práce |c Alena Křížková |
| 520 | |a Ženy tvoria 43,4 percenta všetkých osôb zamestnaných na českom trhu práce. Mzdové nerovnosti mužov a žien na pozícii vedúcich a riadiacich pracovníkov. Rozdiely v názoroch mužov a žien. | ||
| 610 | 2 | 0 | |a trh práce |
| 610 | 2 | 0 | |a ženy |
| 610 | 2 | 0 | |a pracovníci riadiaci |
| 610 | 2 | 0 | |a mzdy |
| 610 | 2 | 0 | |a muži |
| 610 | 2 | 0 | |a porovnanie štatistické |
| 610 | 2 | 0 | |a Česko |
| 100 | 1 | |a Křížková, Alena | |